LEADER 01080nam a2200265 i 4500 001 000000166288 003 CaOOAMICUS 005 20071108000000.0 008 071108s1966 it u000 u ita u 013 $a143656 040 $aSeMil$bita 100 1 $aKawabata, Yasunari.$0(OLS)http://semarc/name/60803 245 13$aIl paese delle nevi /$cYasunari Kawabata ; traduzione dall'inglese di Luca Lamberti. 260 $aTorino :$bGiulio Einaudi,$c1966. 260 $a[Milano] :$bArnoldo Mondadori Editore,$c1966. 300 $a134 p. ;$c20 cm. 490 0 $aIl bosco ;$v174 700 1 $aLamberti, Luca.$0(OLS)http://semarc/name/33899 830 3$aIl bosco ;$v174.$0(OLS)http://semarc/title/6840 850 $aSeMil 852 $aSeMil$W1$xVenegono$y1$m1T III 88$j240584$B117458$CSeMilBibl$Z2$F128138 $81 961 $aRecupero: Altro 996 $6245$aIl paese delle nevi$9(OLS)http://semarc/title/237546 996 $6260$a[Milano] :$bArnoldo Mondadori Editore$9(OLS)http://semarc/publisher/29634 996 $6260$aTorino :$bGiulio Einaudi$9(OLS)http://semarc/publisher/29810 LEADER 01075nam a2200193 i 4500 001 000000232655 003 CaOOAMICUS 005 20140903000000.0 008 140903s1939 it u000 u ita u 013 $a211558 040 $aSeMil$bita 100 1 $aAlbanese, Francesco.$0(OLS)http://semarc/name/14010 245 10$aRicerche esegetiche sui Teologi e gli esegeti che fiorirono dell'epoca dei Padri ai nostri tempi le quali rivelano un principio di soluzione di molte questioni bibliche. 300 $a186 p. 650 4$aBibbia - Commentari, studi, critica, interpretazioni.$0(OLS)http://semarc/subject/783 773 0 $aAlbanese, Francesco$tBibbia scevra di errori contiene alcune inaccuratezze.$dPalermo : Tipografia Fr. Lugaro, 1929.$gParte2$w()30464 850 $aSeMil 852 $aSeMil$W1$xVenegono$y1$m2Z V 33$j183001$B183001$CSeMilBibl$Z2$F194007 $81 996 $6245$aRicerche esegetiche sui Teologi e gli esegeti che fiorirono dell'epoca dei Padri ai nostri tempi le quali rivelano un principio di soluzione di molte questioni bibliche$9(OLS)http://semarc/title/331940 LEADER 01046nam a2200253 i 4500 001 000000041450 003 CaOOAMICUS 005 20090824000000.0 008 090824s1982 it u000 u ita u 013 $a12620 040 $aSeMil$bita 100 1 $aScarin, Antonio.$0(OLS)http://semarc/name/9887 245 10$aTeologie in dialogo :$bAfrica-Italia /$cAntonio Scarin ... [et al.]. 260 $aBologna :$bEMI,$c1982. 300 $a234 p. ;$c19 cm. 650 4$aTeologia - Africa.$0(OLS)http://semarc/subject/5562 650 4$aAfrica - Chiesa.$0(OLS)http://semarc/subject/19475 650 4$aTeologia - Atti di congressi.$0(OLS)http://semarc/subject/1567 700 1 $aConvegno teologico Africa-Italia <1981 ; Brescia>.$0(OLS)http://semarc/name/20391 850 $aSeMil 852 $aSeMil$W1$xVenegono$y1$m2B II 421$j7605$B7605$CSeMilBibl$Z2$F7605 $81 961 $aOmaggio: Altro 996 $6245$aTeologie in dialogo :$bAfrica-Italia$9(OLS)http://semarc/title/60047 996 $6260$aBologna :$bEMI$9(OLS)http://semarc/publisher/29618